Christmas Goodies / (Record no. 200033)
[ view plain ]
| 000 -LEADER | |
|---|---|
| fixed length control field | 00622nam a22002057a 4500 |
| 005 - DATE AND TIME OF LATEST TRANSACTION | |
| control field | 20240108152606.0 |
| 010 ## - LCCN (DPL NO) | |
| LC control number | ENG-138818 |
| 020 ## - INTERNATIONAL STANDARD BOOK NUMBER | |
| Terms of availability | 130.00 |
| International Standard Book Number | 9789391399696 |
| 035 ## - SYSTEM CONTROL NUMBER | |
| System control number | EN-122350 |
| 037 ## - SOURCE OF ACQUISITION | |
| Source of stock number/acquisition | DBAD/PUB |
| 082 ## - DEWEY DECIMAL CLASSIFICATION NUMBER | |
| Classification number | 280 |
| 100 ## - MAIN ENTRY--PERSONAL NAME | |
| Personal name | Manjacklal, Jijo |
| 245 ## - TITLE STATEMENT | |
| Title | Christmas Goodies / |
| 260 ## - PUBLICATION, DISTRIBUTION, ETC. (IMPRINT) | |
| Place of publication, distribution, etc | Bengaluru |
| Name of publisher, distributor, etc | ATC Publishers |
| 270 ## - ADDRESS | |
| City | Bengaluru |
| Address | St Mary's Block, Archdiocesan Pastotal Centre No 5, Nandidurga Road, Benson Town |
| 300 ## - PHYSICAL DESCRIPTION | |
| Extent | 130p. |
| Dimensions | 22cm(pbk) |
| 700 ## - ADDED ENTRY--PERSONAL NAME | |
| Personal name | Mishra Abhishek |
| 9 (RLIN) | 60728 |
| 710 ## - ADDED ENTRY--CORPORATE NAME | |
| Corporate name or jurisdiction name as entry element | Roma Chatterjee |
| Relator term | Editor |
| 9 (RLIN) | 59600 |
| 942 ## - ADDED ENTRY ELEMENTS (KOHA) | |
| Source of classification or shelving scheme | Dewey Decimal Classification |
| Item type | English Books |
| Classification part | 280 |
| Call number suffix | GOO |
| Withdrawn status | Lost status | Not for loan | Collection code | Home library | Current library | Date acquired | Source of acquisition | Cost, normal purchase price | Full call number | Barcode | Copy number | Cost, replacement price | Koha item type |
|---|---|---|---|---|---|---|---|---|---|---|---|---|---|
| Non-fiction | Sarojini Nagar | Sarojini Nagar | 08/01/2024 | DBAD/PUB | 130.00 | 280 GOO | EN-122350 | 1 | 130.00 | English Books |
